Comentarios a la ley de impuesto sobre la renta de Venzuela / (Record no. 134996)

MARC details
000 -LEADER
campo de control de longitud fija 00596nam a2200181 i 4500
001 - NÚMERO DE CONTROL
campo de control 134996
003 - IDENTIFICADOR DE NÚMERO DE CONTROL
campo de control ES-MaACL
005 - FECHA Y HORA DE LA ÚLTIMA TRANSACCIÓN
campo de control 20230906194803.0
007 - CAMPO FIJO DE DESCRIPCIÓN FÍSICA--INFORMACIÓN GENERAL
campo de control de longitud fija t|
008 - DATOS DE LONGITUD FIJA--INFORMACIÓN GENERAL
campo de control de longitud fija 070705s1955 sp ||||1| spa d
080 ## - NÚMERO DE LA CLASIFICACIÓN DECIMAL UNIVERSAL
Número de la Clasificación Decimal Universal 351.713:336.215(87)
100 1# - ENTRADA PRINCIPAL--NOMBRE DE PERSONA
Nombre de persona Tinoco, Pedro R.
9 (RLIN) 110310
245 10 - MENCIÓN DEL TÍTULO
Título Comentarios a la ley de impuesto sobre la renta de Venzuela /
Mención de responsabilidad, etc. Pedro Tinoco (hijo).
260 ## - PUBLICACIÓN, DISTRIBUCIÓN, ETC.
Lugar de publicación, distribución, etc. Madrid :
Nombre del editor, distribuidor, etc. [s.n.],
Fecha de publicación, distribución, etc. 1955 (
Lugar de fabricación/manufactura Gráfs. Halar)
300 ## - DESCRIPCIÓN FÍSICA
Extensión 2 t. ;
Dimensiones 21 cm.
650 14 - PUNTO DE ACCESO ADICIONAL DE MATERIA--TÉRMINO DE MATERIA
Término de materia o nombre geográfico como elemento de entrada Impuesto sobre la renta de las personas físicas-
Subdivisión geográfica Venezuela.
9 (RLIN) 13629
852 ## - LOCALIZACIÓN
Ubicación ES-MaACL
Número de control de estantería C-10319-20
Sublocalización o colección R.38355
Holdings
Estatus retirado Estado de pérdida Estado de daño No para préstamo Biblioteca de origen Biblioteca actual Ubicación en estantería Fecha de adquisición Fuente de adquisición Total de préstamos Signatura topográfica completa Código de barras Visto por última vez Precio de reemplazo Tipo de ítem Koha
        Biblioteca del Ateneo de Madrid Biblioteca del Ateneo de Madrid Sala Palomar 17/01/2008     C-10319-20 1140512 23/02/2023 23/02/2023 Libro impreso